00504nam a22001697a 4500003000400000020001900004082001900023100001300042245003900055250000800094260005500102300000900157650002100166942001200187999001900199952011600218OSt a97781259064753 a004.65bFOR/DA aForouzan aData Communications and Networking a5ed aDelhibMcGraw Hill Education (india) Pvt Ltdc2013 a1226 aData -Link Layer 2ddccBK c139871d139871 00102ddc4070aKAUCLVbKAUCLVcGENERALd2014-07-17g590.00l0o004.65 FOR/DAp223960r2014-07-17 00:00:00yBK